Central Library OPAC University of Rajshahi

Mass spectroscopy / (Record no. 10469)

MARC details
000 -LEADER
fixed length control field 00732nam a22002411 4500
001 - CONTROL NUMBER
control field 10469
003 - CONTROL NUMBER IDENTIFIER
rucl marc code BD-RjUL
005 - DATE AND TIME OF LATEST TRANSACTION
control field 20211208234948.0
008 - FIXED-LENGTH DATA ELEMENTS--GENERAL INFORMATION
fixed length control field 140123r19601958enka b 000 0 eng d
035 ## - SYSTEM CONTROL NUMBER
System control number (BD-RjUL)10517
040 ## - CATALOGING SOURCE
Original cataloging agency DLC/ICU
Transcribing agency ICU
Modifying agency DLC
-- (BD-RjUL)
Language of cataloging eng
041 ## - LANGUAGE CODE
Language code of text/sound track or separate title eng
082 00 - DEWEY DECIMAL CLASSIFICATION NUMBER
Classification number 543.65
Author mark and year DUM 1960
Edition number 23
100 1# - MAIN ENTRY--PERSONAL NAME
Personal name Duckworth, H. E.
Fuller form of name (Henry Edmison),
Dates associated with a name 1915-
9 (RLIN) 32350
245 10 - TITLE STATEMENT
Title Mass spectroscopy /
Statement of responsibility, etc. Duckworth, H. E.
260 ## - PUBLICATION, DISTRIBUTION, ETC. (IMPRINT)
Place of publication, distribution, etc. Cambridge :
Name of publisher, distributor, etc. University Press,
Date of publication, distribution, etc. 1958. [Reprent 1960]
300 ## - PHYSICAL DESCRIPTION
Pagination 206 p. :
Illustrations illus. ;
Size 22 cm.
504 ## - BIBLIOGRAPHY, ETC. NOTE
Bibliography, etc Includes bibliography.
650 #0 - SUBJECT ADDED ENTRY--TOPICAL TERM
Topical term or geographic name as entry element Mass spectrometry.
9 (RLIN) 31258
942 ## - ADDED ENTRY ELEMENTS (KOHA)
Source of classification or shelving scheme Dewey Decimal Classification
Koha item type Books
Holdings
Lost status Source of classification or shelving scheme Damaged status Not for loan Collection code Permanent Location Current Location Shelving location Date acquired Source of acquisition Total Checkouts Full call number Date last seen Copy number Koha item type Cost, normal purchase price
  Dewey Decimal Classification     Non-fiction Central Library, University of Rajshahi Central Library, University of Rajshahi   17/01/1961 Colombo plan gratis   543.65 DUM 1960 23/01/2014 C-2 Books  
  Dewey Decimal Classification     Non-fiction Central Library, University of Rajshahi Central Library, University of Rajshahi   12/11/1969 zeit   543.65 DUM 1960 23/01/2014 C-3 Books 42.00
  Dewey Decimal Classification     Non-fiction Central Library, University of Rajshahi Central Library, University of Rajshahi   13/04/2009 Mirza Book Agency   543.65 DUM 1960 02/11/2016 C-4 Books 26.25